[Event "Madrid ch - Previa B"]
[Site "Madrid"]
[Date "2009.11.20"]
[Round "6.11"]
[White "Gallardo Perez, Jesus"]
[Black "Montes Rubio, Miguel"]
[Result "1-0"]
[WhiteElo "1832"]
[BlackElo "1717"]
[PlyCount "71"]
[EventDate "2009.11.05"]
[EventType "swiss"]
[EventRounds "9"]
[EventCountry "ESP"]
[Source "lmi"]
[SourceDate "2009.11.05"]

1. c4 Nf6 2. Nc3 e5 3. Nf3 Nc6 4. e3 d6 5. d3 Bf5 6. Be2 g6 7. e4 Bd7 8. O-O
Bg7 9. Bg5 h6 10. Be3 Ng4 11. a3 a5 12. Nd5 Ne7 13. Rc1 f5 14. h3 Nxd5 15. cxd5
Nxe3 16. fxe3 fxe4 17. dxe4 O-O 18. Qc2 c6 19. Qd2 c5 20. b4 axb4 21. axb4 b6
22. Ra1 Rxa1 23. Rxa1 Qc7 24. b5 Qb7 25. Ra6 Ra8 26. Qa2 Rb8 27. Nd2 Bf8 28.
Qa4 Qc8 29. Nc4 Qe8 30. Ra7 Bxb5 31. Qa1 Qd8 32. Qf1 Be7 33. Nxd6 Bxe2 34. Qf7+
Kh8 35. Rxe7 Qg8 36. Qf6+ 1-0

[Event "Madrid ch - Previa B"]
[Site "Madrid"]
[Date "2009.11.20"]
[Round "6.12"]
[White "Garcia Hernandez, Javier"]
[Black "De Los Rios Camacho, Juan A"]
[Result "0-1"]
[WhiteElo "1640"]
[BlackElo "1782"]
[PlyCount "174"]
[EventDate "2009.11.05"]
[EventType "swiss"]
[EventRounds "9"]
[EventCountry "ESP"]
[Source "lmi"]
[SourceDate "2009.11.05"]

1. d4 Nf6 2. c4 e5 3. dxe5 Ng4 4. Bf4 Bb4+ 5. Nd2 Nc6 6. Ngf3 Qe7 7. e3 Ngxe5
8. Nxe5 Nxe5 9. Be2 Qd6 10. O-O Bxd2 11. Bxe5 Qxe5 12. Qxd2 d6 13. Qd4 O-O 14.
Qxe5 dxe5 15. Rfd1 Be6 16. Rd2 Rad8 17. Rad1 Rxd2 18. Rxd2 Re8 19. b4 Kf8 20.
Kf1 a5 21. a3 axb4 22. axb4 Ra8 23. Bd3 f5 24. f3 Ra4 25. Rb2 Ra1+ 26. Ke2 Rg1
27. Kf2 Rh1 28. h3 Rd1 29. Ke2 Rc1 30. c5 g6 31. Rb1 Rc3 32. Kd2 Ra3 33. Rb2
Ra1 34. Ke2 Ke7 35. Kd2 Rg1 36. Kc3 Rc1+ 37. Rc2 Re1 38. Re2 Ra1 39. Rb2 c6 40.
Rb1 Ra3+ 41. Kd2 Ra2+ 42. Bc2 Bd5 43. Kc3 Ra3+ 44. Kd2 Bc4 45. e4 f4 46. Rb2
Re3 47. Rb1 Re2+ 48. Kc3 Rxg2 49. Kxc4 Rxc2+ 50. Kd3 Rh2 51. h4 Rh3 52. Rf1
Rxh4 53. Kc4 Rh2 54. Kd3 h5 55. Rg1 Rh3 56. Ke2 Rg3 57. Rb1 h4 58. b5 h3 59.
bxc6 bxc6 60. Rb7+ Kf8 61. Rh7 Kg8 62. Rh4 Kg7 63. Kf2 Rg2+ 64. Kf1 Rc2 65.
Rxh3 Rxc5 66. Ke2 Rc3 67. Rh1 c5 68. Rd1 Re3+ 69. Kf2 Rc3 70. Rd5 Kf6 71. Rd6+
Kf7 72. Rd7+ Ke6 73. Rg7 Kf6 74. Rg8 c4 75. Rf8+ Ke7 76. Rg8 Kf7 77. Rc8 Rc2+
78. Ke1 c3 79. Rc5 Kf6 80. Rc6+ Kf7 81. Kd1 Rd2+ 82. Kc1 Rd3 83. Kc2 Rxf3 84.
Rxc3 Rxc3+ 85. Kxc3 Ke6 86. Kd3 Kd6 87. Ke2 Kc5 0-1

[Event "Madrid ch - Previa B"]
[Site "Madrid"]
[Date "2009.11.20"]
[Round "6.14"]
[White "Rollano Carcajona, Ruben"]
[Black "Ballesteros Galvez, Daniel"]
[Result "1-0"]
[WhiteElo "1718"]
[BlackElo "1557"]
[PlyCount "101"]
[EventDate "2009.11.05"]
[EventType "swiss"]
[EventRounds "9"]
[EventCountry "ESP"]
[Source "lmi"]
[SourceDate "2009.11.05"]

1. d4 Nf6 2. c4 e6 3. Nf3 Bb4+ 4. Bd2 Bxd2+ 5. Qxd2 d5 6. e3 b6 7. Nc3 Ba6 8.
b3 dxc4 9. bxc4 Nbd7 10. Be2 c5 11. d5 exd5 12. cxd5 Bxe2 13. Qxe2 O-O 14. O-O
Qe7 15. Rfe1 Ne5 16. Nd2 a6 17. f4 Ng6 18. a4 Rfd8 19. f5 Ne5 20. e4 Qc7 21. h3
h6 22. Rab1 Kf8 23. Nc4 Nxc4 24. Qxc4 Nd7 25. Qe2 Ne5 26. Qe3 Nc4 27. Qe2 Ne5
28. Qh5 Qd6 29. Rf1 f6 30. Qe2 Rdc8 31. Rb2 Rcb8 32. Rfb1 Ke7 33. g4 Kf8 34.
Kg2 Kf7 35. Nd1 Ke8 36. Ne3 Ra7 37. Nc4 Nxc4 38. Qxc4 Kf7 39. Kf3 Kf8 40. h4
Kf7 41. Rg1 Re8 42. g5 hxg5 43. hxg5 Rh8 44. gxf6 gxf6 45. Rbg2 Rh3+ 46. Rg3
Rxg3+ 47. Rxg3 b5 48. Qc1 bxa4 49. Qh6 Qf8 50. Qh7+ Ke8 51. Qxa7 1-0

[Event "Madrid ch - Previa B"]
[Site "Madrid"]
[Date "2009.11.20"]
[Round "6.15"]
[White "Ortiz Berruguete, Adrian"]
[Black "Morona Minguez, Irene"]
[Result "0-1"]
[WhiteElo "1682"]
[BlackElo "1844"]
[PlyCount "118"]
[EventDate "2009.11.05"]
[EventType "swiss"]
[EventRounds "9"]
[EventCountry "ESP"]
[Source "lmi"]
[SourceDate "2009.11.05"]

1. e4 c5 2. Nf3 e6 3. c4 Nc6 4. Nc3 Nf6 5. a3 Be7 6. Be2 O-O 7. O-O d5 8. exd5
exd5 9. cxd5 Nxd5 10. Bc4 Nf6 11. h3 Bf5 12. Re1 Qd7 13. Bf1 Rad8 14. b3 Nd5
15. Nxd5 Qxd5 16. Bb2 Be4 17. Re3 Bxf3 18. Qxf3 Qxf3 19. Rxf3 Rxd2 20. Bc3 Rd6
21. Rc1 a6 22. a4 Rfd8 23. Bc4 Rd1+ 24. Rxd1 Rxd1+ 25. Kh2 Nd8 26. Re3 Rd7 27.
Be2 Nc6 28. Bg4 Bd6+ 29. g3 Re7 30. Rxe7 Nxe7 31. f4 Nd5 32. Bd2 b5 33. axb5
axb5 34. Bd7 c4 35. bxc4 bxc4 36. Bc6 Nf6 37. Bc3 Be7 38. Kg2 Kf8 39. Kf3 Bc5
40. Bb5 Nd5 41. Be5 c3 42. Ba4 f6 43. Ke4 Nb6 44. Bxc3 Nxa4 45. Bd2 Bd6 46. Be3
Nc3+ 47. Kd3 Nd5 48. Bd2 f5 49. Kd4 Nf6 50. Be1 Ne4 51. Ke3 Kf7 52. g4 Kf6 53.
g5+ Ke6 54. h4 h6 55. gxh6 gxh6 56. Ba5 Bc5+ 57. Kf3 Bf2 58. h5 Bh4 59. Bb4 Be7
0-1

[Event "Madrid ch - Previa B"]
[Site "Madrid"]
[Date "2009.11.20"]
[Round "6.16"]
[White "Kalinovsky, Martin"]
[Black "Benito Aragoneses, Miguel Angel"]
[Result "0-1"]
[WhiteElo "1632"]
[BlackElo "1747"]
[PlyCount "68"]
[EventDate "2009.11.05"]
[EventType "swiss"]
[EventRounds "9"]
[EventCountry "ESP"]
[Source "lmi"]
[SourceDate "2009.11.05"]

1. e4 c5 2. d4 cxd4 3. c3 dxc3 4. Nxc3 e6 5. Bc4 Nf6 6. Nf3 Nc6 7. O-O Be7 8.
Qe2 O-O 9. Rd1 a6 10. e5 Ne8 11. Nd4 d5 12. Bb3 Qc7 13. Nxc6 bxc6 14. Bc2 g6
15. Bh6 Ng7 16. g3 f6 17. f4 Qb6+ 18. Kg2 Qxb2 19. Na4 Qb7 20. Rab1 Qc7 21. Nb6
Rb8 22. Nxc8 Rfxc8 23. exf6 Bxf6 24. Bxg7 Kxg7 25. Ba4 e5 26. Rbc1 Qd6 27. Qxa6
exf4 28. Rxc6 Rxc6 29. Bxc6 Rb2+ 30. Kh1 f3 31. Qa7+ Kh6 32. Bd7 Qe7 33. Qa4
Qe2 34. Qf4+ Kg7 0-1

[Event "Madrid ch - Previa B"]
[Site "Madrid"]
[Date "2009.11.20"]
[Round "6.17"]
[White "Fariñas Lucas, Juan Antonio"]
[Black "Dominguez Alfara, Miguel"]
[Result "1-0"]
[WhiteElo "1742"]
[BlackElo "1652"]
[PlyCount "51"]
[EventDate "2009.11.05"]
[EventType "swiss"]
[EventRounds "9"]
[EventCountry "ESP"]
[Source "lmi"]
[SourceDate "2009.11.05"]

1. e4 e5 2. Nf3 Nf6 3. Nc3 Nc6 4. Bc4 Nxe4 5. Bxf7+ Kxf7 6. Nxe4 d5 7. Nc3 e4
8. Ng1 h5 9. d4 Bb4 10. Nge2 g5 11. Be3 Na5 12. b3 Bg4 13. Qd2 Kg6 14. a3 Be7
15. h3 Be6 16. Nxe4 Nxb3 17. cxb3 dxe4 18. Qc2 Bf5 19. Ng3 Bd6 20. Nxf5 Kxf5
21. b4 Bf4 22. O-O-O Rh6 23. g4+ Kf6 24. Qxe4 Bxe3+ 25. fxe3 Qe7 26. Rhf1+ 1-0

[Event "Madrid ch - Previa B"]
[Site "Madrid"]
[Date "2009.11.20"]
[Round "6.18"]
[White "Sanz Moriñigo, Francisco J"]
[Black "Vicario Ramirez, Celestino"]
[Result "1-0"]
[WhiteElo "1736"]
[BlackElo "1612"]
[PlyCount "47"]
[EventDate "2009.11.05"]
[EventType "swiss"]
[EventRounds "9"]
[EventCountry "ESP"]
[Source "lmi"]
[SourceDate "2009.11.05"]

1. e4 g6 2. d4 Bg7 3. Nc3 d6 4. f4 a6 5. h3 b5 6. Nf3 Nd7 7. Be3 c5 8. Be2 Bb7
9. e5 cxd4 10. Bxd4 dxe5 11. fxe5 e6 12. O-O Ne7 13. Qd3 O-O 14. Ne4 Nf5 15.
Nd6 Bd5 16. b3 Ng3 17. c4 bxc4 18. bxc4 Nxe2+ 19. Qxe2 Bc6 20. Qe3 Qc7 21. Ng5
Nxe5 22. Bxe5 Bxe5 23. Qxe5 Rae8 24. Ngxf7 1-0

[Event "Madrid ch - Previa B"]
[Site "Madrid"]
[Date "2009.11.20"]
[Round "6.19"]
[White "Molina Garcia, Francisco J"]
[Black "Jimenez Vera, Ruben"]
[Result "1-0"]
[WhiteElo "1842"]
[BlackElo "1554"]
[PlyCount "61"]
[EventDate "2009.11.05"]
[EventType "swiss"]
[EventRounds "9"]
[EventCountry "ESP"]
[Source "lmi"]
[SourceDate "2009.11.05"]

1. e4 c5 2. Nf3 Nc6 3. d4 cxd4 4. Nxd4 d6 5. Nc3 a6 6. Be3 Nf6 7. f3 g6 8. Qd2
Bg7 9. Bc4 O-O 10. g4 Ne5 11. Bb3 Re8 12. O-O-O b5 13. h4 Bb7 14. h5 Nc4 15.
Bxc4 bxc4 16. hxg6 fxg6 17. Ne6 Qd7 18. Nxg7 Kxg7 19. Qd4 e5 20. Qxd6 Qxd6 21.
Rxd6 Rad8 22. Rhd1 Rxd6 23. Rxd6 h6 24. Bxh6+ Kxh6 25. Rxf6 Kg5 26. Rf7 Bc8 27.
Kd2 Rh8 28. Ke3 Rh2 29. Rc7 Be6 30. Ne2 Kh4 31. Rh7+ 1-0

[Event "Madrid ch - Previa B"]
[Site "Madrid"]
[Date "2009.11.20"]
[Round "6.20"]
[White "Mosteiro Montoro, Alvaro"]
[Black "Martin Garcia, Francisco J"]
[Result "1-0"]
[WhiteElo "1777"]
[BlackElo "1533"]
[PlyCount "62"]
[EventDate "2009.11.05"]
[EventType "swiss"]
[EventRounds "9"]
[EventCountry "ESP"]
[Source "lmi"]
[SourceDate "2009.11.05"]

1. d4 Nf6 2. c4 c5 3. d5 b5 4. cxb5 a6 5. Nc3 g6 6. e4 d6 7. h3 Bg7 8. Bd3 O-O
9. Nge2 axb5 10. Bxb5 Ba6 11. Bxa6 Rxa6 12. O-O Nbd7 13. f4 Nb6 14. Qc2 Qa8 15.
Be3 Rb8 16. b3 Nfd7 17. a4 c4 18. Bxb6 Nxb6 19. bxc4 Nxc4 20. Rfb1 Rxb1+ 21.
Rxb1 Ne3 22. Qb3 h5 23. Kf2 Qa7 24. Qb8+ Kh7 25. Qxa7 Rxa7 26. Kxe3 Rc7 27. Nb5
Rc4 28. a5 f5 29. exf5 gxf5 30. a6 Ra4 31. a7 Kg8 1-0

[Event "Madrid ch - Previa B"]
[Site "Madrid"]
[Date "2009.11.21"]
[Round "7.1"]
[White "Martin Duque, Jesus"]
[Black "Torres Sevilla, Cristian"]
[Result "1-0"]
[WhiteElo "2020"]
[BlackElo "1889"]
[PlyCount "129"]
[EventDate "2009.11.05"]
[EventType "swiss"]
[EventRounds "9"]
[EventCountry "ESP"]
[Source "lmi"]
[SourceDate "2009.11.05"]

1. e4 c5 2. Nf3 d6 3. d4 cxd4 4. Nxd4 Nf6 5. Nc3 g6 6. Be3 Bg7 7. f3 O-O 8. Qd2
Nc6 9. O-O-O d5 10. Qe1 Qc7 11. exd5 Nxd4 12. Bxd4 a6 13. Be5 Qa5 14. Bc4 b5
15. Bb3 Re8 16. Bxf6 Bxf6 17. Ne4 Qxe1 18. Rhxe1 Be5 19. d6 Bf4+ 20. Kb1 Bf5
21. dxe7 Bxe4 22. Rxe4 Bg5 23. Rd7 Rab8 24. Rc7 Kg7 25. Bd5 Rb6 26. g3 Bf6 27.
f4 Rd6 28. c4 bxc4 29. Bxc4 Rb6 30. b3 h6 31. Ra7 a5 32. Rxa5 Rb7 33. a4 Bxe7
34. Rae5 Kf8 35. f5 gxf5 36. Rxf5 Bg5 37. Rxe8+ Kxe8 38. Kc2 Kf8 39. a5 Kg7 40.
a6 Ra7 41. Rxf7+ Rxf7 42. Bxf7 Be3 43. Bd5 Kf6 44. Kd3 Ba7 45. Kc4 Ke5 46. Bg2
Kd6 47. g4 Kc7 48. Kb5 Be3 49. h4 Kb8 50. Kc6 Ka7 51. Bf1 Bd2 52. Kb5 Be3 53.
b4 Bd2 54. Kc5 Be3+ 55. Kc6 Bd2 56. b5 Be3 57. Bg2 Bd2 58. Bf1 Be3 59. g5 hxg5
60. hxg5 Bxg5 61. b6+ Ka8 62. Kc7 Bd8+ 63. Kxd8 Kb8 64. a7+ Kb7 65. Bg2+ 1-0

[Event "Madrid ch - Previa B"]
[Site "Madrid"]
[Date "2009.11.21"]
[Round "7.2"]
[White "Cardeña Contreras, Javier"]
[Black "Sanchez Millan, Eduardo"]
[Result "1/2-1/2"]
[WhiteElo "1862"]
[BlackElo "1976"]
[PlyCount "40"]
[EventDate "2009.11.05"]
[EventType "swiss"]
[EventRounds "9"]
[EventCountry "ESP"]
[Source "lmi"]
[SourceDate "2009.11.05"]

1. e4 c5 2. Nf3 d6 3. d4 cxd4 4. Nxd4 Nf6 5. Nc3 a6 6. Bg5 e6 7. f4 Nbd7 8. Qf3
Qc7 9. O-O-O Be7 10. g4 b5 11. Bxf6 Bxf6 12. Ndxb5 axb5 13. Nxb5 Qb8 14. Nxd6+
Kf8 15. e5 Nxe5 16. fxe5 Rxa2 17. Qc3 Ra1+ 18. Kd2 Bg5+ 19. Ke1 Bh4+ 20. Kd2
Bg5+ 1/2-1/2

[Event "Madrid ch - Previa B"]
[Site "Madrid"]
[Date "2009.11.21"]
[Round "7.3"]
[White "Navas Jimenez, Julian"]
[Black "Ruiz Quevedo, Andres"]
[Result "1/2-1/2"]
[WhiteElo "1949"]
[BlackElo "1928"]
[PlyCount "30"]
[EventDate "2009.11.05"]
[EventType "swiss"]
[EventRounds "9"]
[EventCountry "ESP"]
[Source "lmi"]
[SourceDate "2009.11.05"]

1. d4 Nf6 2. c4 c5 3. d5 a6 4. a4 e5 5. Nc3 d6 6. e4 Nbd7 7. Bd3 Be7 8. Nf3 O-O
9. a5 Ne8 10. h4 Ndf6 11. g3 Bg4 12. Be2 g6 13. Nh2 Bd7 14. h5 b5 15. axb6 Qxb6
1/2-1/2

[Event "Madrid ch - Previa B"]
[Site "Madrid"]
[Date "2009.11.21"]
[Round "7.4"]
[White "Gomez Gonzalez, Javier"]
[Black "Tome Vazquez, Oscar"]
[Result "1-0"]
[WhiteElo "2044"]
[BlackElo "2020"]
[PlyCount "67"]
[EventDate "2009.11.05"]
[EventType "swiss"]
[EventRounds "9"]
[EventCountry "ESP"]
[Source "lmi"]
[SourceDate "2009.11.05"]

1. c4 g6 2. g3 Bg7 3. Bg2 c5 4. Nc3 e5 5. d3 Ne7 6. h4 h6 7. Nf3 Nbc6 8. Rb1 d6
9. Nh2 O-O 10. e3 Be6 11. O-O Qd7 12. f4 d5 13. Qe2 exf4 14. gxf4 dxc4 15. dxc4
Nf5 16. Rd1 Qe7 17. h5 Ng3 18. Qe1 Nxh5 19. Nd5 Bxd5 20. cxd5 Nb4 21. a3 Na6
22. e4 Bd4+ 23. Kh1 g5 24. fxg5 Qe5 25. Bf3 f5 26. Bxh5 fxe4 27. Ng4 Qxd5 28.
Nxh6+ Kg7 29. Be3 Rad8 30. Qg3 Rf3 31. Bxf3 exf3 32. Bxd4+ cxd4 33. Rxd4 Qa2
34. Qe5+ 1-0

[Event "Madrid ch - Previa B"]
[Site "Madrid"]
[Date "2009.11.21"]
[Round "7.5"]
[White "Marcos Herrero, Francisco"]
[Black "Ocaña Lameiro, Oliver"]
[Result "0-1"]
[WhiteElo "1851"]
[BlackElo "1904"]
[PlyCount "80"]
[EventDate "2009.11.05"]
[EventType "swiss"]
[EventRounds "9"]
[EventCountry "ESP"]
[Source "lmi"]
[SourceDate "2009.11.05"]

1. e4 d5 2. exd5 Nf6 3. c4 c6 4. d4 cxd5 5. Nc3 Nc6 6. Nf3 e6 7. Bd3 dxc4 8.
Bxc4 Bd6 9. Bg5 h6 10. Bh4 g5 11. Bg3 Bxg3 12. hxg3 g4 13. Ne5 Qxd4 14. Nxc6
Qxd1+ 15. Rxd1 bxc6 16. Rd4 Ke7 17. Be2 h5 18. Ne4 e5 19. Rb4 a5 20. Ra4 Nd5
21. Nc5 Bf5 22. Bd1 Bb1 23. Nb3 Nb4 24. a3 Nd3+ 25. Ke2 Nxb2 26. Rxa5 Bd3+ 27.
Ke1 Nxd1 28. Kxd1 Bc4 29. Rxe5+ Kf6 30. Re3 Rxa3 31. Kc2 Bd5 32. Nc1 Rxe3 33.
fxe3 Bxg2 34. Rh2 Bf3 35. Kc3 h4 36. gxh4 Kf5 37. Ne2 Bxe2 38. Rxe2 g3 39. e4+
Kg4 40. e5 Kf3 0-1

[Event "Madrid ch - Previa B"]
[Site "Madrid"]
[Date "2009.11.21"]
[Round "7.6"]
[White "Beltran De Heredia E., Miguel"]
[Black "Gallardo Perez, Jesus"]
[Result "1-0"]
[WhiteElo "2054"]
[BlackElo "1832"]
[PlyCount "27"]
[EventDate "2009.11.05"]
[EventType "swiss"]
[EventRounds "9"]
[EventCountry "ESP"]
[Source "lmi"]
[SourceDate "2009.11.05"]

1. e4 d6 2. d4 Nf6 3. Nc3 g6 4. Be3 Bg7 5. f3 O-O 6. Qd2 Re8 7. O-O-O c6 8. g4
b5 9. h4 h5 10. gxh5 Nxh5 11. Nh3 Bxh3 12. Bxh3 Qa5 13. Kb1 Nd7 14. Bxd7 1-0

[Event "Madrid ch - Previa B"]
[Site "Madrid"]
[Date "2009.11.21"]
[Round "7.7"]
[White "Rojas Pozo, Jose Luis"]
[Black "De Los Rios Camacho, Juan A"]
[Result "1-0"]
[WhiteElo "1931"]
[BlackElo "1782"]
[PlyCount "56"]
[EventDate "2009.11.05"]
[EventType "swiss"]
[EventRounds "9"]
[EventCountry "ESP"]
[Source "lmi"]
[SourceDate "2009.11.05"]

1. Nf3 c5 2. c4 Nf6 3. Nc3 Nc6 4. g3 d5 5. cxd5 Nxd5 6. Bg2 e6 7. O-O Be7 8. a3
O-O 9. Qc2 Nxc3 10. bxc3 Qc7 11. d4 c4 12. Qa4 Na5 13. Bf4 Qd8 14. Ne5 g5 15.
Be3 Qc7 16. Qc2 Bd7 17. f4 Bd6 18. Nxd7 Qxd7 19. fxg5 Be7 20. Be4 f5 21. gxf6
Bxf6 22. Bh6 Rf7 23. Kh1 e5 24. d5 Nb3 25. Rad1 Nc5 26. Bf5 Qe8 27. e4 Nd3 28.
Be6 b5 1-0

[Event "Madrid ch - Previa B"]
[Site "Madrid"]
[Date "2009.11.21"]
[Round "7.8"]
[White "Garcia Serrano, Jose M"]
[Black "Rollano Carcajona, Ruben"]
[Result "1-0"]
[WhiteElo "1902"]
[BlackElo "1718"]
[PlyCount "105"]
[EventDate "2009.11.05"]
[EventType "swiss"]
[EventRounds "9"]
[EventCountry "ESP"]
[Source "lmi"]
[SourceDate "2009.11.05"]

1. e4 c6 2. Nf3 d5 3. Nc3 dxe4 4. Nxe4 Bf5 5. Ng3 Bg6 6. h4 h6 7. Ne5 Bh7 8.
Qh5 g6 9. Bc4 e6 10. Qe2 Qd6 11. d4 Bg7 12. Bf4 Qe7 13. O-O-O Nd7 14. Kb1 Ngf6
15. Rhe1 Nd5 16. Bxd5 cxd5 17. Qb5 Bxe5 18. Bxe5 O-O 19. Qxb7 Rfd8 20. Rd3 f6
21. Bc7 Nf8 22. Rb3 Rdc8 23. Ba5 Qxb7 24. Rxb7 g5 25. Bc3 gxh4 26. Nh5 Rab8 27.
Nxf6+ Kh8 28. Rxb8 Rxb8 29. Nxh7 Kxh7 30. Rh1 Ng6 31. f3 Nf4 32. Rxh4 Nxg2 33.
Rh2 Ne3 34. Bd2 Nf5 35. c3 Rg8 36. Rh3 Rg3 37. Rxg3 Nxg3 38. Be1 Nf5 39. Kc2 h5
40. Kd3 h4 41. Ke2 Kg6 42. Kf1 Kg5 43. Bd2+ Kh5 44. Kg2 Ng3 45. b4 Nf5 46. a4
Kg6 47. b5 Nd6 48. Bf4 Nc8 49. Bc7 Kf5 50. a5 Ne7 51. Bb8 a6 52. Bd6 Nc8 53.
bxa6 1-0

[Event "Madrid ch - Previa B"]
[Site "Madrid"]
[Date "2009.11.21"]
[Round "7.9"]
[White "Corral Aragon, Juan Maria"]
[Black "Cano Mercado, Francisco Manuel"]
[Result "0-1"]
[WhiteElo "1781"]
[BlackElo "1887"]
[PlyCount "98"]
[EventDate "2009.11.05"]
[EventType "swiss"]
[EventRounds "9"]
[EventCountry "ESP"]
[Source "lmi"]
[SourceDate "2009.11.05"]

1. e4 c6 2. d4 d5 3. exd5 cxd5 4. Bd3 Nf6 5. h3 Nc6 6. Nf3 Qb6 7. a3 Bd7 8. c3
e6 9. O-O Bd6 10. b4 Rc8 11. Re1 Ne7 12. a4 a5 13. b5 Ng6 14. Bg5 Nf4 15. Bc2
Qc7 16. Ne5 Ng6 17. f4 O-O 18. Bxf6 gxf6 19. Nxd7 Qxd7 20. Qg4 f5 21. Qf3 Bxf4
22. g4 fxg4 23. hxg4 Bb8 24. Re2 Qc7 25. Rg2 Qf4 26. Qxf4 Bxf4 27. Kf2 b6 28.
Bxg6 hxg6 29. Ke2 Rc4 30. Kd3 Rfc8 31. Rc2 e5 32. Rf2 e4+ 33. Ke2 g5 34. Ra3
Kg7 35. Rf1 Rh8 36. Rf2 Rh3 37. Kd1 Rg3 38. Kc2 Rxg4 39. Kb3 Rg3 40. Ka2 Bc1
41. Nd2 Rcxc3 42. Rxc3 Rxc3 43. Nb3 Rc4 44. Rf5 Rxa4+ 45. Kb1 Bf4 46. Rxd5 Rb4
47. Kc2 a4 48. Nd2 e3 49. Nf3 a3 0-1

[Event "Madrid ch - Previa B"]
[Site "Madrid"]
[Date "2009.11.21"]
[Round "7.10"]
[White "Merino Araguas, Jose Javier"]
[Black "Garcia Salamero, Hector"]
[Result "1/2-1/2"]
[WhiteElo "1866"]
[BlackElo "1774"]
[PlyCount "41"]
[EventDate "2009.11.05"]
[EventType "swiss"]
[EventRounds "9"]
[EventCountry "ESP"]
[Source "lmi"]
[SourceDate "2009.11.05"]

1. d4 d5 2. c4 e5 3. e3 exd4 4. exd4 Nf6 5. Nf3 Bb4+ 6. Nc3 Ne4 7. Qb3 Qe7 8.
Be2 dxc4 9. Qxc4 Be6 10. Qd3 Nd6 11. Bf4 Bc4 12. Bxd6 Bxd3 13. Bxe7 Bxc3+ 14.
bxc3 Bxe2 15. Kxe2 Kxe7 16. Rhe1 Rd8 17. Rab1 b6 18. Kf1+ Kf8 19. Re2 Nd7 20.
Rbe1 Re8 21. Rxe8+ 1/2-1/2

[Event "Madrid ch - Previa B"]
[Site "Madrid"]
[Date "2009.11.21"]
[Round "7.11"]
[White "Esquivias Gomez, Fco. Javier"]
[Black "Nieto Esteban, Manuel"]
[Result "1-0"]
[WhiteElo "2004"]
[BlackElo "1801"]
[PlyCount "81"]
[EventDate "2009.11.05"]
[EventType "swiss"]
[EventRounds "9"]
[EventCountry "ESP"]
[Source "lmi"]
[SourceDate "2009.11.05"]

1. e4 c5 2. Nc3 Nc6 3. f4 d6 4. Nf3 Nf6 5. Bb5 g6 6. Bxc6+ bxc6 7. d3 Bg7 8.
O-O O-O 9. Qe1 e6 10. b3 Qa5 11. Bd2 Ba6 12. e5 Ne8 13. Na4 Qd8 14. Bc3 Bb5 15.
Nb2 Nc7 16. Ba5 Qe7 17. c4 Ba6 18. Bc3 d5 19. Na4 Rab8 20. Bb2 dxc4 21. dxc4
Rb4 22. Rc1 Rd8 23. Ba3 Rbb8 24. Bxc5 Qe8 25. Bxa7 Ra8 26. Bc5 Bf8 27. Qf2 Bc8
28. Rcd1 Na6 29. Bxf8 Qxf8 30. Ng5 Bb7 31. Ne4 Nb4 32. Nf6+ Kg7 33. Qh4 h6 34.
Nd7 Qe8 35. Nf6 Qf8 36. Nd7 Qe8 37. Nac5 Rxa2 38. Nf6 Qf8 39. Rxd8 Qxc5+ 40.
Kh1 Qb6 41. Rg8# 1-0

[Event "Madrid ch - Previa B"]
[Site "Madrid"]
[Date "2009.11.21"]
[Round "7.12"]
[White "Benito Aragoneses, Miguel Angel"]
[Black "Noriega De La Sierra, Antonio"]
[Result "0-1"]
[WhiteElo "1747"]
[BlackElo "1881"]
[PlyCount "86"]
[EventDate "2009.11.05"]
[EventType "swiss"]
[EventRounds "9"]
[EventCountry "ESP"]
[Source "lmi"]
[SourceDate "2009.11.05"]

1. d4 Nf6 2. c4 g6 3. Nc3 d5 4. Nf3 Bg7 5. Bf4 Na6 6. h3 O-O 7. e3 c5 8. Be2
Qa5 9. O-O cxd4 10. Nxd4 dxc4 11. Bxc4 e5 12. Nb3 Qc7 13. Bxa6 exf4 14. Be2
fxe3 15. fxe3 Be6 16. Nd4 Qb6 17. Qc2 Rac8 18. Rac1 Nd5 19. Nxd5 Bxd5 20. Qd2
a6 21. a4 Rc7 22. a5 Qd6 23. Rxc7 Qxc7 24. b4 Rd8 25. Rc1 Qg3 26. Nf3 Bf6 27.
Qe1 Qd6 28. Rd1 Qe7 29. Qf2 Bc3 30. b5 axb5 31. Bxb5 Bxa5 32. h4 Bb6 33. Nd4 h5
34. Be2 Bc5 35. Qg3 Kh8 36. Qf4 Bc6 37. Kh1 Bxd4 38. Rxd4 Rxd4 39. Qxd4+ Kh7
40. Bf3 Bxf3 41. gxf3 b5 42. Kg2 b4 43. Kf2 b3 0-1

[Event "Madrid ch - Previa B"]
[Site "Madrid"]
[Date "2009.11.21"]
[Round "7.13"]
[White "Leniz Martinez, Francisco"]
[Black "Fariñas Lucas, Juan Antonio"]
[Result "1/2-1/2"]
[WhiteElo "1870"]
[BlackElo "1742"]
[PlyCount "121"]
[EventDate "2009.11.05"]
[EventType "swiss"]
[EventRounds "9"]
[EventCountry "ESP"]
[Source "lmi"]
[SourceDate "2009.11.05"]

1. Nf3 Nf6 2. c4 c5 3. Nc3 Nc6 4. g3 e5 5. Bg2 h6 6. e4 Be7 7. d3 d6 8. h3 O-O
9. O-O Re8 10. Re1 Bf8 11. Nd5 Nxd5 12. cxd5 Ne7 13. Bd2 b5 14. b4 Ng6 15. Nh2
Bd7 16. f4 exf4 17. gxf4 f5 18. bxc5 dxc5 19. e5 Nh4 20. Bh1 Qb6 21. Be3 Qg6+
22. Kf1 Qg3 23. Qd2 Qxh3+ 24. Bg2 Qxh2 25. Re2 Nxg2 26. Rxg2 Qh3 27. Kg1 Qh4
28. Rh2 Qd8 29. Qg2 Kh7 30. Kh1 Bc8 31. Rg1 Bb7 32. Qg6+ Kg8 33. Rxh6 Qxd5+ 34.
Kh2 Re6 35. Qxe6+ Qxe6 36. Rxe6 Bd5 37. Reg6 Rc8 38. Ra6 Rc7 39. Rg5 c4 40.
dxc4 Rxc4 41. Rxa7 Rc2+ 42. Kg1 Rxa2 43. Rxa2 Bxa2 44. Rxf5 b4 45. Rh5 b3 46.
Rh2 Ba3 47. Bd4 Kf7 48. Bb2 Bc5+ 49. Kg2 Bb1 50. Kg3 Bc2 51. Rh8 Bf8 52. Rh2
Bb4 53. Kg4 Bd1+ 54. Kf5 Bc2+ 55. Rxc2 bxc2 56. Bc1 Bc3 57. Ke4 g6 58. Kd3 Bb4
59. Kxc2 Ke6 60. Kb3 Be7 61. Kc4 1/2-1/2

[Event "Madrid ch - Previa B"]
[Site "Madrid"]
[Date "2009.11.21"]
[Round "7.14"]
[White "Morona Minguez, Irene"]
[Black "Sanz Moriñigo, Francisco J"]
[Result "1-0"]
[WhiteElo "1844"]
[BlackElo "1736"]
[PlyCount "91"]
[EventDate "2009.11.05"]
[EventType "swiss"]
[EventRounds "9"]
[EventCountry "ESP"]
[Source "lmi"]
[SourceDate "2009.11.05"]

1. e4 c5 2. Nf3 Nc6 3. d4 cxd4 4. Nxd4 e5 5. Nb5 d6 6. c4 a6 7. N5c3 f5 8. exf5
Bxf5 9. Bd3 Bxd3 10. Qxd3 Nf6 11. Bg5 Be7 12. Nd2 O-O 13. O-O Nd4 14. Nf3 Nxf3+
15. Qxf3 Kh8 16. Bxf6 gxf6 17. Qxb7 Rb8 18. Qxa6 Rxb2 19. Rab1 Rc2 20. Nd5 Rg8
21. Rb7 Bf8 22. Qa4 Re2 23. Rd7 Rxa2 24. Qxa2 Qxd7 25. Nxf6 Rxg2+ 26. Kxg2 Qg7+
27. Kh1 Qxf6 28. Qe2 Bh6 29. Rg1 Bf4 30. Qg4 Qf8 31. Qg2 Bh6 32. Ra1 Qf7 33.
Ra8+ Bf8 34. Rb8 Qf4 35. h3 Qf6 36. Qa8 Kg7 37. Qb7+ Kh6 38. Qg2 Qf4 39. Qg3
Qe4+ 40. Kh2 Bg7 41. Qe3+ Qf4+ 42. Qxf4+ exf4 43. Rb6 Be5 44. c5 f3+ 45. Kg1
Kh5 46. cxd6 1-0

[Event "Madrid ch - Previa B"]
[Site "Madrid"]
[Date "2009.11.21"]
[Round "7.15"]
[White "Garcia Hernandez, Javier"]
[Black "Molina Garcia, Francisco J"]
[Result "1/2-1/2"]
[WhiteElo "1640"]
[BlackElo "1842"]
[PlyCount "55"]
[EventDate "2009.11.05"]
[EventType "swiss"]
[EventRounds "9"]
[EventCountry "ESP"]
[Source "lmi"]
[SourceDate "2009.11.05"]

1. d4 d5 2. c4 e6 3. Nc3 Nf6 4. cxd5 exd5 5. Bg5 c6 6. e3 Be7 7. Qc2 O-O 8. Bd3
h6 9. h4 Be6 10. Bxf6 Bxf6 11. g3 c5 12. Nf3 Nc6 13. dxc5 d4 14. exd4 Bg4 15.
Be2 Bxf3 16. Bxf3 Nxd4 17. Qd3 Nxf3+ 18. Qxf3 Re8+ 19. Kf1 Qd2 20. Ne4 Qxb2 21.
Nxf6+ Qxf6 22. Qxf6 gxf6 23. Kg2 Re5 24. Rab1 Rxc5 25. Rxb7 Ra5 26. Rd1 Rxa2
27. Rdd7 Rf8 28. Rxa7 1/2-1/2